| 000 | 01235nam a2200265 a 4500 | ||
|---|---|---|---|
| 001 | BRCA_644 | ||
| 005 | 20190320203107.0 | ||
| 008 | 070116s2007 caua---##b---#001-0#eng-# | ||
| 020 | _a9780892368891 | ||
| 040 |
_aDLC _cDLC _dBAKER |
||
| 050 | 4 |
_aND1382.4 _b.M67 2007 |
|
| 100 | 1 |
_aMorton, Mary _92154 |
|
| 245 | 1 | 0 |
_aOudry´s Painted Menagerie _bPortraits of Exotic Animals in Eighteenth-Century Europe _cedited by Mary Morton ; with essays by Colin B. Bailey ... [et al.]. |
| 260 |
_aLos Ángeles _bJ. Paul Getty Museum _c2007 |
||
| 300 |
_axv, 151 p. _bil. a color _c28 cm. |
||
| 500 | _aCatálogo de la exposición organizada por The J. Paul Getty Museum, The Staatliches Museum (Schwerin, Germany) y realizada en The Getty Museum (Los Angeles), 1 mayo - 2 septiembre, 2007 y en The Museum of Fine Arts (Houston), 7 octubre, 2007 - 6 enero, 2008 | ||
| 500 | _aIncluye índice alfabético | ||
| 504 | _aBibliografía: p. 146-147 | ||
| 600 | 1 | 4 |
_aOudry, Jean-Baptiste _d1686-1755 _vExposiciones _92155 |
| 650 | 1 | 4 |
_aArte en la vida silvestre _vExposiciones _zFrancia _92156 |
| 650 | 1 | 4 |
_aArte _vExposiciones _xColecciones privadas _zAlemania _92157 |
| 700 | 1 |
_aMorton, Mary G _92158 |
|
| 700 | 1 |
_aBailey, Colin B _92159 |
|
| 942 |
_2lcc _cB |
||
| 999 |
_c560 _d560 |
||